000 00495nam a22001697a 4500
005 20251108165421.0
008 250721s1988 xx 000 0 ara d
082 1 4 _aم/213.4/محم
100 1 _aالألباني، محمد ناصر الدين
245 1 0 _aضعيف سنن إبن ماجه /
264 1 _aبيروت :
_bالمكتب الإسلامي،
_c1988.
300 _a356ص
650 1 7 _aالإسلام
650 1 7 _aالحديث الشريف
942 _2ddc
_cREF
999 _c27415
_d27415